| 000 | 00832nam a22002417a 4500 | ||
|---|---|---|---|
| 003 | URS | ||
| 005 | 20260326151010.0 | ||
| 008 | 260317b |||||||| |||| 00| 0 eng d | ||
| 020 | _a9789710838943 | ||
| 040 |
_aDLC _beng _cDLC _dURS _erda |
||
| 050 | 1 | 4 |
_aCB245 _b.M2335 1986 |
| 100 | 1 | _aMcNeill, William H. | |
| 245 |
_aHistory of Western civilization: _ba handbook/ _cWilliam H. McNeill.- |
||
| 250 | _aSixth edition- | ||
| 264 | 1 |
_aChicago: _bThe University of Chicago Press, _cc1986. |
|
| 300 |
_axiv, 672 pages: _billustrations (black and white); _c22 cm |
||
| 336 |
_2rdacontent _atext _btxt |
||
| 337 |
_2rdamedia _aunmediated _bn |
||
| 338 |
_2rdacarrier _avolume _bnc |
||
| 500 | _aIncludes conclusion and index. | ||
| 650 | 0 |
_aCivilization _aHistory |
|
| 942 |
_2lcc _cFR _esixth edition _hCB245 _i.M2335 1986 |
||
| 999 |
_c99203 _d99200 |
||